Представление документа в формате RUSMARC

ПолеНазваниеЗначение
  Тип записи a
  Библиографический уровень c
001 Контрольный номер RU/IS/BASE/364645681
005 Дата корректировки 20201206204810.0
010 Индекс ISBN __
a ISBN 978-5-358-07686-0
d Цена 168-97
101 Язык документа __
a Язык текста rus
c Язык оригинала rus
200 Заглавие и сведения об ответственности 1_
a Заглавие Бедные люди ; Белые ночи ; Неточка Незванова
f Первые сведения об ответственности Ф. М. Достоевский
b Общее обозначение материала Текст
210 Выходные данные __
a Место издания М.
c Издательство Дрофа
d Дата издания 2010
215 Физическое описание __
a Объем 429, [3] с.
c Иллюстрации/тип воспроизводства ил.
225 Серия __
a Серия Библиотека отечественной классической художественной литературы: в 100 т.
327 Примечание о содержании __
a Примечание о содержании Белые ночи
327 Примечание о содержании __
a Примечание о содержании Неточка Незванова
333 Примечание о целевом назначении __
a Примечание о целевом назначении 16+. Для детей старше 16 лет
517 Другие варианты заглавия __
a Другие варианты заглавия Белые ночи
517 Другие варианты заглавия __
a Другие варианты заглавия Неточка Незванова
606 Тематические рубрики __
a Основная рубрика Художественная литература
z Хронологическая подрубрика 19 в.
606 Тематические рубрики __
a Основная рубрика Русская литература XIX в. (произведения)
610 Ключевые слова __
a Ключевые слова писатели; проза; прозаики; классики; романы; повести; рассказы
686 Индексы других классификаций __
a Классификационный индекс 84(2=411.2)52-4; ст84(2Рос=Рус)1-4
700 Автор _1
a Фамилия Достоевский
b Имя Ф. М.
g Полное личное имя Федор Михайлович
4 Код отношения 070
801 Источник записи _0
a Страна RU
b Организация Муниципальное бюджетное учреждение культуры "Централизованная библиотечная система" г. Сургут (Центральная городская библиотека им. А. С. Пушкина)
g Правила каталогизации КИК/Елгина
801 Источник записи _1
a Страна RU
b Организация Муниципальное бюджетное учреждение культуры "Централизованная библиотечная система" г. Сургут (Центральная городская библиотека им. А. С. Пушкина)
g Правила каталогизации КИК/Елгина
852 Данные о местонахождении __
j Шифр хранения 84(2=411.2)52-4
i Авторский знак Д 70
901 Тип документа __
t Тип документа x
903 Характеристики (МАРС) __
a Дата передачи 20110722
969 Тип издания __
a Тип издания сборник
990 Данные о заказе (DOS) __
j Количество экземпляров (DOS) 5
t N записи в КСУ для И/У (DOS) 201108